000 01929nam a2200229Ia 4500
003 Ost
005 20260507075601.0
008 260507s9999||||xx |||||||||||||| ||und||
020 _a9957111892
040 _cfsecg
041 _aara
082 _a330
100 _aالنقاش، غازي عبد الرزاق
_eمؤلف
245 0 _aالتمويل الدولي :
_bوالعمليات المصرفية الدولية /
_c غازي عبد الرزاق النقاش
260 _aعمان:
_bدار وائل للنشر والتوزيع,
_c2006
300 _a313 صفحة؛
_c24 سم
504 _aملاحق ص.242 , مراجع ص.303
520 _aالمدخل الى موضوع التمويل الدولي و مفهومه, المؤسسات المالية الدولية و أسعار صرف العملات (مراجعة و تحليل), الصيرفة الدولية و المؤسسات المالية المتعددة الجنسية اضافة الى الاسواق المالية الدولية, المؤسسات المصرفية الدولية و كذا وضع الدولار الاوروبي و علاقته بالعملات الاوروبية الاخرى, التعاون الاقتصادي الدولي: آراء و توجيهات , مصادر التمويل من اجل التنمية الاقتصادية, تمويل المشاريع الكبيرة, أسواق السندات الدولية, النظام النقدي الدولي, تحليل و علاقته بالتمويل و التجارة الدولية , مفهوم المديونية و علاقتها بالتمويل الدولي, استدامة تدفقات رأس المال الدولي و تحديات المضاربة بالعملات و في الاخير الاسواق المالية العالمية: تطورها و توجهاتها.
653 _aالتمويل الدولي
653 _aالعمليات المصرفية
942 _cكتاب
999 _c45007
_d45007